Diccionario enciclopédico de las letras de América Latina
Guardat en:
| Format: | Llibre |
|---|---|
| Idioma: | espanyol |
| Publicat: |
Caracas
Biblioteca Ayacucho
1995
|
| Matèries: | |
| Etiquetes: |
Afegir etiqueta
Sense etiquetes, Sigues el primer a etiquetar aquest registre!
|
MARC
| LEADER | 00000nam a2200000 a 4500 | ||
|---|---|---|---|
| 001 | UCP5834 | ||
| 003 | CL-VaPUC | ||
| 008 | 991001e19950000VE |||||||||||||||||spa|d | ||
| 020 | |a 9802763098 | ||
| 020 | |a 9802763101v.1 | ||
| 020 | |a 980276311Xv.2 | ||
| 020 | |a 9802763128v.3 | ||
| 082 | 0 | 4 | |a H860.03 |b DIC |2 21 |
| 245 | 1 | 0 | |a Diccionario enciclopédico de las letras de América Latina |
| 300 | |a v | ||
| 942 | |c BK | ||
| 945 | |d 19991001 00:00:00 |a rbrito | ||
| 260 | |a Caracas |b Biblioteca Ayacucho |c 1995 | ||
| 500 | |a v.1: A-E | ||
| 500 | |a v.2: F-N | ||
| 500 | |a v.3: O-Z | ||
| 650 | 0 | |a Literatura hispanoamericana |9 269097 | |
| 650 | 7 | |a LITERATOS HISPANOAMERICANOS |2 CL-VaPUC |9 334237 | |
| 650 | 0 | |a Diccionarios |9 256200 | |
| 583 | |a last modification |c 19991001 00:00:00 |k Rodrigo Vera | ||
| 999 | |c 283482 |d 283480 | ||
| 952 | |0 0 |1 0 |4 0 |6 H_860_030000000000000_DIC_1995 |7 0 |8 X |9 326682 |a BIBEDU |b BIBEDU |d 2019-11-20 |h v.1 |i 3561011 |o H860.03 DIC 1995 |p 3561011 |r 2023-01-13 |w 2019-11-20 |y BK_X |k LIT | ||
| 952 | |0 0 |1 0 |4 0 |6 H_860_030000000000000_DIC_1995 |7 0 |8 X |9 326683 |a BIBEDU |b BIBEDU |d 2019-11-20 |h v.2 |i 3561038 |o H860.03 DIC 1995 |p 3561038 |r 2023-01-13 |w 2019-11-20 |y BK_X |k LIT | ||
| 952 | |0 0 |1 0 |4 0 |6 H_860_030000000000000_DIC_1995 |7 0 |8 X |9 326684 |a BIBEDU |b BIBEDU |d 2019-11-20 |h v.3 |i 356102K |o H860.03 DIC 1995 |p 356102K |r 2023-01-13 |w 2019-11-20 |y BK_X |k LIT | ||
| 952 | |0 0 |1 0 |4 0 |6 H_860_030000000000000_DIC_1995 |7 0 |8 X |9 326685 |a BIBART |b BIBART |d 2019-11-20 |h v.1 |i 395045K |o H860.03 DIC 1995 |p 395045K |r 2025-03-13 |w 2019-11-20 |y BK_X |k ART | ||
| 952 | |0 0 |1 0 |4 0 |6 H_860_030000000000000_DIC_1995 |7 0 |8 X |9 326686 |a BIBART |b BIBART |d 2019-11-20 |h v.2 |i 3950468 |o H860.03 DIC 1995 |p 3950468 |r 2025-03-13 |w 2019-11-20 |y BK_X |k ART | ||
| 952 | |0 0 |1 0 |4 0 |6 H_860_030000000000000_DIC_1995 |7 0 |8 X |9 326687 |a BIBART |b BIBART |d 2019-11-20 |h v.3 |i 3950476 |o H860.03 DIC 1995 |p 3950476 |r 2025-03-13 |w 2019-11-20 |y BK_X |k ART | ||